La peretroika del café / (Registro nro. 12640)

Detalles MARC
000 -LEADER
fixed length control field 00786nam a2200205Ia 4500
003 - CONTROL NUMBER IDENTIFIER
control field OSt
005 - DATE AND TIME OF LATEST TRANSACTION
control field 20211006104051.0
008 - FIXED-LENGTH DATA ELEMENTS--GENERAL INFORMATION
fixed length control field 210310s1989 ck ad gr 000 0 spa d
040 ## - CATALOGING SOURCE
Original cataloging agency CO-JMCR
Transcribing agency CO-JMCR
041 0# - LANGUAGE CODE
Language code of text/sound track or separate title spa
082 04 - DEWEY DECIMAL CLASSIFICATION NUMBER
Classification number 338.17373 /
Item number C653p
Edition number 23
110 2# - MAIN ENTRY--CORPORATE NAME
Corporate name or jurisdiction name as entry element Colombia.
Subordinate unit Senado de la Republica
9 (RLIN) 4415
245 13 - TITLE STATEMENT
Title La peretroika del café /
Statement of responsibility, etc. Senado de la Republica
260 ## - PUBLICATION, DISTRIBUTION, ETC.
Place of publication, distribution, etc. Bogotá :
Name of publisher, distributor, etc. Senado de la Republica,
Date of publication, distribution, etc. 1989
300 ## - PHYSICAL DESCRIPTION
Extent 321 páginas :
Other physical details ilustraciones y gráficas en blanco y negro ;
Dimensions 23 cm.
505 0# - FORMATTED CONTENTS NOTE
Formatted contents note Tramite legislativo. -- Debate parlamentario. -- Nuevo contrato entre el estado y la federación nocional de cafeteros.
650 14 - SUBJECT ADDED ENTRY--TOPICAL TERM
Topical term or geographic name entry element Legislación cafetera
Geographic subdivision Colombia
9 (RLIN) 28804
650 24 - SUBJECT ADDED ENTRY--TOPICAL TERM
Topical term or geographic name entry element Política cafetera
Geographic subdivision Colombia
9 (RLIN) 40955
942 ## - ADDED ENTRY ELEMENTS (KOHA)
Source of classification or shelving scheme Dewey Decimal Classification
Koha item type Books
Existencias
Withdrawn status Lost status Source of classification or shelving scheme Damaged status Not for loan Home library Current library Shelving location Date acquired Source of acquisition Full call number Barcode Date last seen Copy number Price effective from Koha item type
    Dewey Decimal Classification     Biblioteca Pública José María del Castillo y Rada Biblioteca Pública José María del Castillo y Rada General Stacks 04/15/2018 Donación 338.17373 / C653p 430005337 05/16/2024 Ej.1 03/10/2021 Books